| 000 | 00793nam a22002897a 4500 | ||
|---|---|---|---|
| 001 | 0041208 | ||
| 003 | KOHA_MİRAKIL | ||
| 005 | 20260207003228.0 | ||
| 007 | ta | ||
| 008 | 130730b2013 tu |||gr||||#0|||1|tur | | ||
| 020 | _a9786054599424 | ||
| 040 |
_aTR-BiSEU _btur _cTR-BiSEU _erda |
||
| 041 | 0 | _atur | |
| 044 | _ctu | ||
| 050 |
_aPL248 _b.D43 2013 |
||
| 245 | 0 |
_aDede korkut/ _cresimleyen Serdar Demircan. |
|
| 264 | 1 |
_aİstanbul : _bBilge Oğuz _c2013 |
|
| 300 |
_a329 sayfa ; _c25 cm. |
||
| 336 |
_ametin _btxt _2rdacontent |
||
| 337 |
_aaracısız _bn _2rdamedia |
||
| 338 |
_acilt _bnc _2rdacarrier |
||
| 650 | 0 |
_aDede Korkut Hikayeleri. _96293 |
|
| 650 | 0 |
_a Halk Edebiyatı--Türk. _976452 |
|
| 650 | 0 |
_aFolk literature, Turkish. _96296 |
|
| 907 | _aRoman | ||
| 942 |
_2lcc _cBK |
||
| 999 |
_c41066 _d41066 |
||